000
00317nam a22001457a 4500
008
230206b ||||| |||| 00| 0 eng d
020
_a
9781337282307
041
_a
eng
080
_2
10EDITION
_a
51
082
_a
51LAR
100
_a
20
101
_a
MATEM
245
_a
COLLEGE ALGEBRA
_c
LARSON R
942
_2
udc
_c
BK
999
_c
59314
_d
59314